[Event "RUS-ch 54th"]
[Site "Elista"]
[Date "2001.05.01"]
[Round "2"]
[White "Zakharevich, Igor"]
[Black "Kobalia, Mihail"]
[Result "1-0"]
[WhiteElo "2487"]
[BlackElo "2590"]
[Annotator "Huebner,R"]
[PlyCount "45"]
[EventDate "2001.04.29"]
[EventType "swiss"]
[EventRounds "9"]
[EventCountry "RUS"]
[SourceTitle "CBM 083"]
[Source "ChessBase"]
[SourceDate "2001.07.05"]
[SourceVersion "1"]
[SourceVersionDate "2001.07.05"]
[SourceQuality "1"]

1. d4 d5 2. Nf3 Nf6 3. c4 c6 4. Nc3 a6 5. a4 e6 6. Bg5 Nbd7 7. cxd5 exd5 8. e3
Qa5 9. Bd3 Ne4 10. O-O Nxg5 11. Nxg5 Nf6 12. f4 {Dies ist ein neuer Versuch.
Allzu gefährlich sieht er für Schwarz nicht aus. Auch mit anderen
Fortsetzungen konnte Weiß jedoch nicht viel erreichen:} (12. Qc2 h6 13. Nf3 Bd6
14. h3 Qc7 15. Nd2 O-O 16. Rab1 Bd7 (16... a5 {hat er eine sehr angenehme
Stellung.}) 17. b4 a5 18. bxa5 (18. b5 cxb5 19. Bxb5 Rac8 20. Bxd7 Nxd7 (20...
Qxd7 21. Qd3) 21. Rb3 {mit Aussichten auf Vorteil für Weiß.}) 18... Rxa5 19.
Rfc1 $11 {1-0 Zakharevich,I-Burmakin,V/Samara 2000/CBM 78/[Huebner,R] (52). 
(51)}) (12. e4 dxe4 (12... h6 13. Nxf7 Kxf7 14. e5 Ne4 15. Nxe4 dxe4 16. Qh5+
Ke7 17. Bxe4 $13 {0-1 Shishkin,V-Vysochin,S/Bydgoszcz 2000/CBM 76 ext (54). 
(54)}) 13. Ngxe4 Nxe4 14. Bxe4 Be6 15. Qc2 Bb4 16. Rad1 Rd8 17. Rfe1 Kf8 18.
Qc1 h5 $11 {1/2-1/2 Cebalo,M-Godena,M/Mendrisio 1999/EXT 2000 (35)}) 12... Be7
(12... Bb4 {kommt in Betracht.}) 13. Nf3 O-O 14. Ne5 c5 15. g4 cxd4 16. exd4 g6
$6 {Meines Erachtens sollte Schwarz versuchen, seinem Springer Zugang zum Feld
e4 zu verschaffen:} (16... Bb4 17. Qf3 ({Auf} 17. g5 {kommt Schwarz mit} Bxc3
18. bxc3 ({Nach} 18. gxf6 Bxd4+ 19. Kh1 Bxe5 20. fxe5 g6 21. Qc1 Kh8 22. Qh6
Rg8 {kommt Weiß nicht weiter, denn auf} 23. Rf4 {folgt} (23. Rad1 Qxa4) 23...
Qd2) 18... Ne4 {zum Ziel}) 17... Bxc3 18. bxc3 Ne4 {usw.}) 17. Kh1 Nd7 $6 (
17... Bb4 {verdient auch hier Aufmerksamkeit;} 18. g5 Bxc3 19. gxf6 Bxd4 20.
Bxg6 hxg6 21. Qxd4 Bf5 {sieht vollkommen befriedigend für Schwarz aus.}) 18.
Qf3 Nxe5 19. dxe5 Be6 20. f5 d4 21. Ne4 (21. fxe6 fxe6 22. Qxb7 dxc3 {führt zu
einer etwa ausgeglichenen Stellung.}) 21... Bd5 22. Qf4 Rae8 $2 {Dies verliert
ohne weiteres. Leicht ist die Lage des Schwarzen nicht:} (22... Rfe8 23. e6 g5
24. exf7+ Kxf7 25. Qe5 {mit großem Vorteil für Weiß.}) (22... Rfd8 23. e6 fxe6
24. fxg6 Rf8 25. Qh6 hxg6 26. Qxg6+ Kh8 27. Kg1 {und Schwarz überlebt nicht.})
(22... g5 23. Qg3 f6 {bot jedoch Aussichten auf erfolgreichen Widerstand.}) 23.
f6 1-0

[Event "Moscow Aeroflot op-A"]
[Site "Moscow"]
[Date "2006.02.13"]
[Round "6"]
[White "Sasikiran, Krishnan"]
[Black "Malakhov, Vladimir"]
[Result "1-0"]
[WhiteElo "2670"]
[BlackElo "2694"]
[Annotator "Huebner,R"]
[PlyCount "67"]
[EventDate "2006.02.08"]
[EventType "swiss"]
[EventRounds "9"]
[EventCountry "RUS"]
[SourceTitle "CBM 112"]
[Source "ChessBase"]
[SourceDate "2006.06.07"]
[SourceVersion "1"]
[SourceVersionDate "2006.06.07"]
[SourceQuality "1"]

1. d4 d5 2. c4 c6 3. Nf3 Nf6 4. Nc3 a6 5. g3 g6 6. Bg2 Bg7 7. O-O O-O 8. cxd5
cxd5 9. Ne5 e6 {Ein neuer Zug, der aber natürlich äußerst plausibel ist.} (9...
Nc6 10. Bg5 Be6 11. Nxc6 bxc6 12. Qd2 Re8 13. Rac1 Bf5 14. Rfd1 Rc8 15. b3 e5
16. dxe5 Rxe5 17. e4 Bxe4 18. Bxe4 Nxe4 19. Nxe4 f6 20. Nd6 Qxd6 21. Bf4 Rce8
22. Qa5 Qd7 23. Bxe5 fxe5 24. Qxa6 Re6 25. Qa8+ Kf7 26. Rc5 e4 27. Ra5 Re7 28.
Ra6 Qg4 29. Rf1 Bd4 30. Ra4 c5 31. Qxd5+ Qe6 32. Qxe6+ Kxe6 33. Rc4 Kd5 34. Rc2
Ra7 35. Kg2 Ra6 36. Rd1 Rb6 37. Re2 Rb7 38. f3 exf3+ 39. Kxf3 h6 40. Kg2 Rb6
41. Rf1 Ra6 42. Rf8 Rd6 43. Ra8 Rf6 44. a4 {1-0 Rogers,I-Klaric,Z/Amsterdam
1985/MCD (44).}) 10. Bg5 h6 11. Be3 Nfd7 12. f4 Nc6 13. Bf2 Ne7 ({In Betracht
kommt} 13... Ndxe5 14. dxe5 f6 15. exf6 Qxf6 16. e4 dxe4 17. Bxe4 Nd4 18. Rc1 {
Weiß hat einigen Vorteil.}) 14. Rc1 Nf5 15. e4 dxe4 16. Bxe4 Nf6 17. Bg2 Ne7
18. Qb3 Ned5 19. Rfe1 b5 $2 ({Besser ist} 19... Qd6 {Nach} 20. Nxd5 exd5 {
hält sich der Vorteil des Weißen in Grenzen.}) 20. Nxd5 Nxd5 21. Rc5 $5 (21.
Nc6 Qf6 22. Bxd5 exd5 23. Ne7+ Kh7 24. Nxd5 {ist nicht so unangenehm für
Schwarz:} Qd6 (24... Qd8 25. Nc7 Ra7 26. Qc3 {ist auch sehr unbequem für
Schwarz.}) 25. Nc7 Bxd4 (25... Ra7 {ist schwächer wegen der Antwort} 26. Ne8)
26. Nxa8 Bxf2+ 27. Kxf2 Qd2+ 28. Kg1 Bb7 29. Qc2 Qd5 {, und Schwarz hält remis.
}) 21... Qd6 $6 ({Die Fortsetzung} 21... Bb7 22. Nxg6 fxg6 23. Rxe6 Rf5 24. Re5
Bxe5 25. Bxd5+ Kg7 26. Bxb7 Bxd4 27. Rxf5 Bxf2+ 28. Kxf2 gxf5 29. Bxa8 {
dürfte aussichtslos für Schwarz sein.}) (21... Bxe5 22. dxe5 Bb7 {mußte
versucht werden.}) 22. Nxg6 fxg6 23. Rxd5 exd5 24. Qxd5+ Qxd5 25. Bxd5+ Be6 26.
Bxe6+ (26. Bxa8 Bxa2 27. Bb7 {ist vermutlich überzeugender.}) 26... Kh8 27. b3
a5 (27... Rad8 28. d5 Rfe8 29. Rc1 Rd6 {ist zäher.}) 28. d5 Ra6 {Hier steht
der Turm nicht gut.} (28... Bc3 29. Re4 Kg7 {sollte versucht werden.}) 29. Rc1
b4 30. Rc6 Rfa8 31. Bd7 Bf8 32. Bd4+ Kh7 33. Rc7 Bd6 34. Rb7 1-0

[Event "EU-chT (Men) 14th"]
[Site "Plovdiv"]
[Date "2003.10.20"]
[Round "9.2"]
[White "Navara, David"]
[Black "Georgiev, Vladimir"]
[Result "1-0"]
[WhiteElo "2607"]
[BlackElo "2596"]
[Annotator "Huebner,R"]
[PlyCount "63"]
[EventDate "2003.10.10"]
[EventType "team-swiss"]
[EventRounds "9"]
[EventCountry "BUL"]
[SourceTitle "CBM 098"]
[Source "ChessBase"]
[SourceDate "2004.02.03"]
[SourceVersion "1"]
[SourceVersionDate "2004.02.03"]
[SourceQuality "1"]
[WhiteTeam "Czech Republic"]
[BlackTeam "Macedonia"]
[WhiteTeamCountry "CSR"]
[BlackTeamCountry "MKD"]

1. c4 c6 2. d4 d5 3. Nc3 Nf6 4. Nf3 a6 5. c5 Nbd7 6. Bf4 Nh5 7. Bd2 Nhf6 8. h3
Qc7 {Dies ist sicher spielbar. Andere Versuche sind:} (8... Ne4 9. Bf4 Nxc3 (
9... b6 10. cxb6 Qxb6 11. Qc2 e5 12. Nxe5 Nxe5 13. Bxe5 f6 14. Bf4 Bf5 15. Qb3
Qxd4 16. Nxe4 Bxe4 $11 {1-0 Euler,G-Donchenko,A/Hungen 2002/EXT 2003 (68). (67)
}) 10. bxc3 g6 11. e3 Qa5 12. Qb3 (12. Qd2 Bg7 13. Rc1 e5 14. Bg3 O-O 15. Be2
Re8 $11 {1/2-1/2 Wojtkiewicz,A-Sapis,W/Lubniewice 1995/EXT 97 (51). (50)})
12... Bg7 13. Rc1 O-O 14. Be2 e5 15. Bh2 exd4 16. exd4 Re8 17. Bf4 b6 18. cxb6
Nxb6 19. Ne5 (19. Bc7 Qb5 20. Qxb5 axb5 21. Bxb6 Rxa2 22. Nd2 Bf5 $19) 19...
Bxe5 20. Bxe5 Nc4 21. Bxc4 dxc4 22. Qxc4 Qb5 23. Qxb5 axb5 24. O-O Be6 {
1/2-1/2 Gretarsson,H-Perez,R/Havana 2002/CBM 88 ext (24).}) (8... e5 9. dxe5 (
9. b4 Qe7 10. dxe5 (10. e3 {war sicherer und besser.}) 10... Nxe5 11. Nxe5 Qxe5
12. Na4 (12. g3 {war angebracht;} d4 {scheitert dann an} 13. Bf4) 12... Ne4 13.
Be3 (13. Nb6 {scheitert an} Qf6) 13... Be7 14. Qd4 (14. Bd4 Bh4 {würde bereits
das sofortige Ende bedeuten.}) 14... Qf5 15. Qd3 Bf6 16. g4 (16. Rc1 {gefällt
mir besser.}) 16... Qe5 17. Rd1 a5 18. Bg2 ({Nach} 18. Nb6 {sehe ich keinen
sofortigen Gewinn für Schwarz.}) 18... axb4 19. Nb6 Ra3 20. Qc2 Rxe3 21. Nxc8
Rc3 22. Qb1 O-O 23. Nb6 Nxf2 24. Kxf2 Bh4+ {0-1 Dreev,A-Volkov,S/Samara 1998/
CBM 67/[Huebner,R] (24).}) 9... Ne4 10. e6 fxe6 11. Nxe4 dxe4 12. Ng5 Nxc5 13.
b4 h6 14. bxc5 hxg5 15. Qc2 Qd5 $6 (15... g4 16. Qxe4 Bxc5) 16. Be3 Be7 $2 (
16... g4 17. Rd1 Qe5 18. Bd4 Qg5 19. Qxe4 gxh3 $13) 17. Rd1 Qf5 18. g4 $18 Qe5
19. Bg2 Bd8 20. Bxe4 Ba5+ 21. Kf1 O-O 22. Kg2 Qf6 23. h4 gxh4 24. g5 Qc3 25.
Bh7+ Kh8 26. Qe4 Rd8 27. Rxd8+ Bxd8 28. Qxh4 {1-0 Neumann,P-Bartos,J/Plzen
2000/EXT 2003 (28).}) 9. Bg5 e5 10. e3 {Nicht mehr verspricht} (10. Bxf6 Nxf6 (
10... gxf6 11. e3 b6 {dürfte auch spielbar für Schwarz sein.}) 11. Nxe5 Bxc5
12. Nxf7 (12. Nxc6 Qxc6 13. dxc5 Qxc5 $11) 12... Ba3 (12... Qxf7 13. dxc5 O-O
14. Qd4 {reicht vielleicht nicht zum Ausgleich.}) 13. bxa3 Qxf7 14. e3 O-O {
mit etwa gleichem Spiel.}) 10... Be7 11. Be2 O-O 12. O-O Re8 {Dies scheint mir
in Verbindung mit dem folgenden e5-e4 nicht ganz konsequent zu sein. Nach} (
12... e4 13. Bf4 ({Nach} 13. Nd2 {ist} Re8 {zur Vorbereitung von Sd7-f8-g6
schon eine andere Sache.}) 13... Qd8 14. Ne5 Nxe5 15. Bxe5 Be6 {Steht Schwarz
viel besser als in der Partie parat, das thematische f7-f5-f4 durchzusetzen.})
13. Qc2 e4 14. Bf4 Qd8 15. Ne5 Nxe5 16. Bxe5 Bf5 $6 (16... Be6 {sieht mir
plausibler aus, um dem f-Bauern den Weg freizulassen.}) 17. b4 Nd7 18. Bh2 Bg6
19. a4 {Meines Erahtens hat Weiß eine strategische Gewinnstellung.} f5 20. b5
Bg5 21. bxc6 bxc6 22. a5 Qf6 23. Qa4 Nxc5 {Das reicht nicht, aber sonst geht
Schwarz bald an den Schwächen seiner Bauern auf c6 und a6 zugrunde.} 24. dxc5
Qxc3 25. Qxc6 Bf7 (25... d4 26. Qd5+ Bf7 27. Qxd4 (27. Qxf5 Bf6 28. exd4 Bxd4 {
überläßt dem Schwarzen einiges Gegenspiel.}) 27... Qc2 28. Bd1 Qd3 29. Qxd3
exd3 30. Bf3 Rac8 31. Bd6 {ist hoffnungslos für Schwarz.}) 26. Bxa6 d4 27. exd4
Qxd4 28. Bb7 Rad8 29. Bd6 f4 30. Ra4 Bc4 31. Ba6 Bd5 32. Qxe8+ 1-0

[Event "RUS-Cup final"]
[Site "Ekaterinburg"]
[Date "1999.??.??"]
[Round "5"]
[White "Shcherbakov, Ruslan"]
[Black "Volkov, Sergey"]
[Result "1/2-1/2"]
[WhiteElo "2559"]
[BlackElo "2587"]
[Annotator "Huebner,R"]
[PlyCount "138"]
[EventDate "1999.08.28"]
[EventType "tourn"]
[EventRounds "11"]
[EventCountry "RUS"]
[EventCategory "11"]
[SourceTitle "CBM 075"]
[Source "ChessBase"]
[SourceDate "2000.04.05"]
[SourceVersion "1"]
[SourceVersionDate "2000.04.05"]
[SourceQuality "1"]

1. d4 d5 2. c4 c6 3. Nf3 Nf6 4. Nc3 a6 5. Bg5 Ne4 6. Bf4 Nxc3 7. bxc3 dxc4 8.
e4 b5 9. Ne5 Qa5 {Dies ist ein neuer Versuch. Meist wurde hier} (9... g6 {
gespielt.}) 10. Bd2 (10. Rc1 $5 {kommt in Betracht, um den Damenläufer in
seiner aktiven Stellung zu belassen.}) 10... Qc7 11. Qf3 e6 12. Bf4 f6 13. Nxc4
({Nicht besonders günstig sieht die Lage für Weiß nach} 13. Ng6 e5 14. Bxe5
fxe5 15. Nxh8 g6 16. Qg3 Bg7 ({Auf} 16... Qg7 {folgt} 17. Qxe5+ Qxe5 18. dxe5
Bg7 19. Nxg6 hxg6 20. f4 {mit unklarer Lage.}) 17. Nxg6 hxg6 18. Qxg6+ Qf7 19.
Qxf7+ Kxf7 {aus.}) 13... e5 14. dxe5 bxc4 15. Bxc4 ({Nach} 15. exf6 Qf7 16. Rb1
Nd7 17. e5 Qe6 {dringt Weiß mit seinem Angriff nicht durch. Nach}) (15. Rb1 {
gewinnt Weiß die geopferte Figur zurück, erhält jedoch keinen Vorteil:} fxe5 (
15... Qf7 16. e6 Bxe6 17. Bxb8 Bc5 18. Qg3 O-O 19. Bd6 Bxd6 20. Qxd6 Rfe8 {
ist auch nicht schlecht für Schwarz.}) 16. Qh5+ Kd8 17. Bxe5 Qe7 (17... Qa7 18.
Qg5+ Be7 19. Qxg7 Rf8 20. Bd4 {sieht vorteilhaft für Weiß aus.}) 18. Rxb8 Rxb8
19. Bxb8 Qxe4+ 20. Qe2 Qb1+ 21. Qd1+ Qxd1+ 22. Kxd1 Be6 23. Be5 Rg8 24. Be2 Bc5
{mit Ausgleich.}) 15... Qe7 16. exf6 Qxf6 17. Rb1 Nd7 18. O-O Bd6 19. Bxd6 Qxd6
20. e5 (20. Qf7+ Kd8 21. Qxg7 Qe5 22. Qxe5 Nxe5 23. Be2 Kc7 {führt zu einem
etwa ausgeglichenen Endspiel.}) 20... Qg6 21. Qe3 ({Eine andere Möglichkeit
besteht in} 21. Bf7+ Qxf7 22. Qxc6 O-O 23. e6 Qe7 24. Qxa8 Qxe6 {mit etwa
gleicher Stellung.}) 21... Nf8 22. e6 Nxe6 23. Rfe1 O-O 24. Bxe6+ Kh8 25. Bxc8
Raxc8 26. Rb7 Rcd8 27. Re7 h6 28. Re4 Rb8 29. Qe2 Rb5 30. Re6 Qf7 31. g3 Rf5
32. Re8 $6 {Das Turmendspiel dürfte kaum Gewinnaussichten bieten, weil die
Damenflügelbauern des Weißen zu anfällig sind.} (32. f4 {sollte versucht
werden.}) 32... Rxe8 33. Qxe8+ Qxe8 34. Rxe8+ Kh7 35. Re2 Kg6 36. Kf1 Rb5 37.
Ke1 Kf5 38. h4 g5 39. hxg5 hxg5 40. Kd2 Kg4 41. Ke3 Rc5 42. Kd3 Rd5+ 43. Ke4
Rc5 44. Rc2 Rc4+ 45. Kd3 Rc5 46. Ke4 Rc4+ 47. Ke3 c5 48. a3 Ra4 49. Ra2 Kf5 50.
Ra1 Re4+ 51. Kd2 Ra4 52. Kc2 Re4 53. Kd2 Ra4 54. Kd3 Re4 55. Rf1 c4+ 56. Kd2
Re5 57. Rb1 Kg4 58. Rb6 Ra5 59. Ke3 Rxa3 60. Kd4 Ra4 61. Rf6 Kh3 62. Rg6 g4 63.
Rf6 a5 64. Rf4 Ra2 65. Ke3 a4 66. Rxc4 Rc2 67. Rxa4 Rxc3+ 68. Kd2 Rc8 69. Rf4
Re8 1/2-1/2

[Event "EU-Cup 15th final"]
[Site "Bugojno"]
[Date "1999.10.29"]
[Round "1"]
[White "Avrukh, Boris"]
[Black "Sakaev, Konstantin"]
[Result "1-0"]
[WhiteElo "2588"]
[BlackElo "2648"]
[Annotator "Huebner,R"]
[PlyCount "61"]
[EventDate "1999.10.29"]
[EventType "team-k.o."]
[EventRounds "3"]
[EventCountry "BIH"]
[SourceTitle "EXT 2020"]
[Source "ChessBase"]
[SourceDate "2019.10.17"]
[SourceVersion "1"]
[SourceVersionDate "2019.10.17"]
[SourceQuality "1"]
[WhiteTeam "Beer-Sheva Chess Club"]
[BlackTeam "St Petersburg"]
[WhiteTeamCountry "ISR"]
[BlackTeamCountry "RUS"]

1. d4 d5 2. c4 c6 3. Nc3 Nf6 4. e3 a6 5. Nf3 b5 6. b3 Bg4 7. Be2 Nbd7 8. O-O e6
9. Bb2 Be7 10. Ne5 Bxe2 11. Nxe2 Qb6 (11... Rc8 12. Rc1 dxc4 13. bxc4 Nxe5 14.
dxe5 Nd7 15. Nf4 Nb6 16. Qg4 O-O (16... g5 17. Rfd1 Qc7 18. cxb5 {~}) 17. Rfd1
Qc7 18. Nh5 {+/- 1-0 Arsovic,G-Matulovic,M/JUG 1997/EXT 99 (35)}) 12. Qc2 O-O
13. Rfc1 dxc4 14. bxc4 Nxe5 15. dxe5 Nd7 16. Ng3 bxc4 (16... b4 $5) 17. Rab1
Qc7 18. Qxc4 Rfc8 19. Nh5 Bf8 20. Qg4 Nxe5 $2 ({Gut genug ist} 20... Kh8 {
mit etwa ausgelichener Stellung.}) ({Nach} 20... Rab8 21. Nf6+ Kh8 (21... Nxf6
22. exf6 g6 {ist ebenfalls spielbar.}) 22. Nxd7 Qxd7 {kann ich ebensowenig
irgendwelche nennenswerten Gefahren f�r Schwarz entdecken.}) 21. Nf6+ Kh8 22.
Bxe5 Qxe5 23. Nd7 Qc7 24. Nb6 a5 25. Nxa8 Rxa8 26. Qc4 Rc8 27. Qa6 Bb4 28. a3
Bd6 29. Rb7 Bxh2+ 30. Kh1 Qe5 31. Rbb1 1-0

[Event "American Continental 2nd"]
[Site "Buenos Aires"]
[Date "2003.08.23"]
[Round "6"]
[White "Scarella, Enrique Alejandro"]
[Black "Soppe, Guillermo"]
[Result "1-0"]
[WhiteElo "2374"]
[BlackElo "2467"]
[Annotator "Huebner,R"]
[PlyCount "75"]
[EventDate "2003.08.17"]
[EventType "swiss"]
[EventRounds "11"]
[EventCountry "ARG"]
[SourceTitle "CBM 097"]
[Source "ChessBase"]
[SourceDate "2003.11.11"]
[SourceVersion "1"]
[SourceVersionDate "2003.11.11"]
[SourceQuality "1"]

1. Nf3 c6 2. c4 d5 3. d4 Nf6 4. Nc3 a6 5. c5 Bf5 6. Bf4 Nbd7 7. h3 h6 8. e3 g5
9. Bh2 Bg7 10. Bd3 Bxd3 11. Qxd3 b6 12. cxb6 Qxb6 13. O-O O-O 14. Ne5 {Die
Schwächung des schwarzen Königsflügels ist ernsthafter, als man glauben sollte;
Weiß hat Vorteil.} e6 15. Rac1 Rfc8 16. b3 Qa5 17. Qb1 $6 Bf8 $6 (17... c5 {
sieht plausibler aus.} 18. dxc5 Qxc5 {mit Ausgleich.}) 18. Nd3 Qd8 (18... c5 {
scheitert nun an} 19. dxc5 Nxc5 20. b4) 19. Na4 a5 20. Rc2 Ne4 21. Qc1 Ra6 22.
Qd1 Nb6 $2 23. Nac5 $2 (23. f3 {ist stärker:} Nxa4 24. fxe4 dxe4 25. Ne5 f6 26.
Qh5 $18) 23... Nxc5 24. Nxc5 Ra7 25. Qh5 a4 26. f4 axb3 27. axb3 Nd7 $2 ({
Bessere Verteidigungsaussichten gewährt} 27... Qf6 28. Rcf2 Bg7 29. f5 exf5 30.
Rxf5 Qg6) 28. fxg5 Nxc5 29. gxh6 Ne4 (29... Nd3 30. Rd2 $18) 30. Be5 f6 31.
Qg6+ Bg7 32. Bxf6 Nxf6 33. hxg7 Rxg7 ({Auf} 33... Nh7 {folgt} 34. Rf8+ Nxf8 35.
gxf8=R+ Kxf8 36. Rf2+ {nebst matt.}) 34. Qxf6 Qd6 35. Rcf2 Re8 36. Rf4 Rb8 37.
Rg4 Rxg4 38. Qf7+ 1-0

[Event "MK Cafe Cup-A"]
[Site "Koszalin"]
[Date "1999.08.07"]
[Round "5"]
[White "Gyimesi, Zoltan"]
[Black "Magomedov, Magaram"]
[Result "1-0"]
[WhiteElo "2531"]
[BlackElo "2604"]
[Annotator "Huebner,R"]
[PlyCount "63"]
[EventDate "1999.08.03"]
[EventType "swiss"]
[EventRounds "9"]
[EventCountry "POL"]
[SourceTitle "CBM 073"]
[Source "ChessBase"]
[SourceDate "1999.12.01"]
[SourceVersion "1"]
[SourceVersionDate "1999.12.01"]
[SourceQuality "1"]

1. d4 d5 2. c4 c6 3. Nf3 Nf6 4. Nc3 a6 5. a4 Bf5 6. Qb3 Ra7 7. a5 e6 8. Qb6 {
Dieser plausible Zug ist an dieser Stelle, soweit ich sehe, zum ersten Mal
angewandt worden. Der auf b6 erscheinende Bauer des Weißen engt den
Nachziehenden gewaltig ein; nach geeigneter Vorbereitung werden stets Opfer
auf a6 oder b7 in der Luft hängen. Die Partiefolge zeigt deutlich die
Möglichkeiten des Weißen; ich halte die Stellung des Schwarzen für strategisch
verloren. Der häßliche Zug Ta8-a7 verdient kein anderes Geschick. In der
Vorgängerpartie verwirklichte Weiß dieselbe Idee einige Züge später:} (8. Nh4
Bg4 9. h3 Bh5 10. g4 Bg6 11. Nxg6 hxg6 12. Bg2 Bd6 $2 {Hier hätte Schwarz mit}
(12... Nbd7 {fortfahren sollen; er hätte den nächsten Zug des Weißen
verhindert und eine spielbare Stellung erhalten.}) 13. Qb6 Qxb6 14. axb6 Ra8
15. c5 Be7 16. b4 O-O 17. Bf4 {1-0 Smirnov,V-Lutsko,I/Minsk 1994/CBM 42 ext 
(61). Obwohl der Weiße noch einige Tempi geschenkt bekommen hat, ist seine
Stellung hier nicht günstiger als in der uns vorliegenden Partie; der
Königsspringer des Weißen fehlt, so daß eine Springerwanderung nach a5 sich
kaum mehr verwirklichen läßt. Trotzdem bleibt die lage des Schwarzen höchst
ungemütlich.}) 8... Qxb6 9. axb6 Ra8 10. c5 Nbd7 11. b4 Be7 12. e3 O-O 13. Bb2
Bg4 $6 {Dies scheint mir sinnlos zu sein. Besser ist} (13... Ne4 {um
erleichternden Abtausch zu erzielen und Le7-f6 nebst e6-e5 durchzusetzen.}) 14.
Nd2 e5 15. f3 exd4 16. exd4 Rfe8 17. Be2 Bf5 18. g4 (18. Nb3 {ist genauer.})
18... Bg6 (18... Bc2 19. Rc1 Bg6 {ist etwas stärker; der Damenturm des Weißen
wird von der a-Linie weggelockt. Zur Rettung der Partie dürfte dies nicht
genügen.}) 19. Nb3 Nf8 20. Na5 Ne6 21. Rd1 Rab8 22. O-O Nd7 $2 (22... Nf4 23.
Bxa6 bxa6 24. Nxc6 {sieht auch hoffnungslos für Schwarz aus, war aber
jedenfalls viel zäher, weil der Bauer auf d5 gedeckt bleibt.}) 23. Bxa6 $18 Bf6
24. Bxb7 Bxd4+ 25. Kh1 Ne5 26. Bxc6 Red8 27. Bxd5 Rxd5 28. Nxd5 Bxb2 29. c6
Nxf3 30. c7 Re8 31. Ne7+ Kf8 32. Nxg6+ 1-0

[Event "Moscow Aeroflot op-A"]
[Site "Moscow"]
[Date "2004.02.17"]
[Round "1"]
[White "Annakov, Babakuli"]
[Black "Volkov, Sergey"]
[Result "0-1"]
[WhiteElo "2513"]
[BlackElo "2630"]
[Annotator "Huebner,R"]
[PlyCount "56"]
[EventDate "2004.02.17"]
[EventType "swiss"]
[EventRounds "9"]
[EventCountry "RUS"]
[SourceTitle "CBM 100"]
[Source "ChessBase"]
[SourceDate "2004.06.01"]
[SourceVersion "1"]
[SourceVersionDate "2004.06.01"]
[SourceQuality "1"]

1. d4 d5 2. c4 c6 3. Nf3 Nf6 4. Nc3 a6 5. e3 b5 6. b3 Bf5 7. Bd3 e6 8. O-O Bd6
9. Bb2 O-O 10. Ne5 $6 (10. Qc2 {sieht verständiger aus. Natürlich kommen noch
viele andere Fortsetzungen in Betracht.}) 10... Bxd3 11. Qxd3 $2 (11. Nxd3 {
ist durchaus spielbar. Nach} bxc4 12. bxc4 dxc4 13. Ne5 Bxe5 14. dxe5 Qxd1 15.
Rfxd1 Nd5 16. Rac1 {hat Schwarz keinen Vorteil.}) 11... dxc4 $19 12. Qe2 b4 13.
Na4 c3 14. Bc1 Qc7 15. a3 a5 16. f4 Nbd7 17. e4 c5 18. Nc4 Be7 19. e5 Nd5 20.
f5 cxd4 21. f6 N7xf6 22. exf6 Bxf6 23. Qe4 Rad8 24. Rf3 Rfe8 25. Ra2 e5 26. Re2
Re6 27. Qg4 e4 28. Rxe4 h5 0-1

[Event "Bundesliga 0304"]
[Site "Germany"]
[Date "2004.04.24"]
[Round "14.3"]
[White "Ribli, Zoltan"]
[Black "Appel, Ralf"]
[Result "1-0"]
[WhiteElo "2593"]
[BlackElo "2513"]
[Annotator "Huebner,R"]
[PlyCount "75"]
[EventDate "2003.11.01"]
[EventType "team-tourn"]
[EventRounds "15"]
[EventCountry "GER"]
[SourceTitle "CBM 101"]
[Source "ChessBase"]
[SourceDate "2004.07.27"]
[SourceVersion "1"]
[SourceVersionDate "2004.07.27"]
[SourceQuality "1"]
[WhiteTeam "Tegernsee"]
[BlackTeam "Wattenscheid"]
[WhiteTeamCountry "GER"]
[BlackTeamCountry "GER"]

1. Nf3 d5 2. d4 Nf6 3. c4 c6 4. Nc3 a6 5. a4 a5 6. Ne5 e6 7. Bf4 Nbd7 8. e3 Bb4
9. Rc1 Nxe5 10. Bxe5 O-O 11. Be2 b6 12. O-O Bb7 13. Qb3 Nd7 14. Bg3 Qe7 15.
Rfd1 Rfc8 16. cxd5 exd5 17. Bg4 Ba6 18. e4 dxe4 19. Nxe4 Bb7 $2 ({Nötig ist} 
19... Qxe4 20. Bxd7 Be2 $11) 20. Nc3 $2 (20. Be5 {führt zum Gewinn; es gibt
keine ausreichende Verteidigung gegen die Drohung Lg4xd7 nebst Db3-g3.}) 20...
Re8 21. h3 Nf6 22. Bf3 Rad8 23. Be5 h6 24. Ne2 Nd5 $11 25. Ng3 f6 26. Bc7 (26.
Bf4 Qf7 27. Bd2 Bxd2 28. Rxd2 Nb4) 26... Qxc7 27. Bxd5+ Kh8 28. Be4 Qf4 $2 (
28... c5 $11 {führt zum Ausgleich;} 29. Bb1 Qc6 30. f3 Qd5 31. Qc2 Qg8 {
ist sogar ungünstig für Weiß.}) 29. Qf7 Re7 30. Qg6 Kg8 ({Nur mit} 30... Rxe4 {
kann Schwarz noch weiterkämpfen.}) 31. Qh7+ Kf7 32. Bg6+ Ke6 33. Nf5 Red7 34.
d5+ Rxd5 35. Nxg7+ Ke5 36. Re1+ Bxe1 37. Rxe1+ Kd6 38. Ne6 1-0